000 00520nam a2200205Ia 4500
005 20250923145913.0
008 008 250917s9999 xx 000 0 eng d
037 _aTextual
040 _aDSWL
_beng
_cDSWL
041 _aeng
_2eng
084 _qDSWL
100 _aSaxena, N.C.
_9840131
245 0 _aIndia's Eucalyptus craze
_c by N.C. Saxena
260 _aNew Delhi
_bSage Publication
_c1994
300 _a264p.
365 _aINR
_b275.00
925 _g275.00
942 _cTEXL
999 _c1457158
_d1457158